Štíhlá organizace skladu pro finální produkci

Skladovanie výrobkov ako zásob finálnej produkcie. Ťahový doplňovací systém. Sekvenčný ťahový systém. Zmiešaný ťahový systém. Stavy zásob finálnej produkcie: poistná zásoba (buffer), bezpečnostná (safety) zásoba. Organizácia a riadenie skladu finálnej produkcie.

Salvato in:
Dettagli Bibliografici
Autore principale: Fekete, Milan
Natura: Capitolo di libro
Lingua:ceco
Soggetti:
Tags: Aggiungi Tag
Nessun Tag, puoi essere il primo ad aggiungerne!!

MARC

LEADER 00000naa$a2200000$$$4500
001 0026176
005 20231113115223.8
041 0 |a cze 
044 |a CZ 
245 1 0 |a Štíhlá organizace skladu pro finální produkci  |c Milan Fekete 
520 |a Skladovanie výrobkov ako zásob finálnej produkcie. Ťahový doplňovací systém. Sekvenčný ťahový systém. Zmiešaný ťahový systém. Stavy zásob finálnej produkcie: poistná zásoba (buffer), bezpečnostná (safety) zásoba. Organizácia a riadenie skladu finálnej produkcie. 
610 2 0 |a skladovanie 
610 2 0 |a sklady 
610 2 0 |a zásoby poistné 
610 2 0 |a výrobky 
610 2 0 |a objednávky 
610 2 0 |a lehoty dodacie 
610 2 0 |a dodávatelia 
610 2 0 |a odberatelia 
610 2 0 |a plánovanie 
610 2 0 |a produkcia 
100 1 |a Fekete, Milan